000 005310000a22001690004500
090 _aAR
_b03995
245 1 0 _aReservas de la biósfera y conservación de la biodiversidad en el siglo XXI
041 0 _aEspañol
500 _a<Charlas sobre biodiversidad del Dr. Halffter>
650 1 4 _aAreas protegidas
_978
650 1 4 _aConvenios internacionales
_93879
650 1 4 _aUso sostenible
_9344
650 1 4 _aTeoría ecológica
_995169
100 1 _aHalffter, Gonzalo
_910302
942 _cARTICULO
773 1 _tCiencia
_h39
_q9-13
_d1995
999 _c13029
_d13029